El Diseño en una sociedad en cambio / (Record no. 11348)
[ view plain ]
| 000 -CABECERA | |
|---|---|
| campo de control de longitud fija | 01186nam a2200289 4500 |
| 003 - IDENTIFICADOR DEL NÚMERO DE CONTROL | |
| campo de control | OSt |
| 005 - FECHA Y HORA DE LA ÚLTIMA TRANSACCIÓN | |
| campo de control | 20260530113848.0 |
| 008 - DATOS DE LONGITUD FIJA--INFORMACIÓN GENERAL | |
| campo de control de longitud fija | 260421b1980 ec a|||| |||| 00| 0 spa d |
| 040 ## - FUENTE DE LA CATALOGACIÓN | |
| Centro catalogador/agencia de origen | ICI |
| Lengua de catalogación | spa |
| Centro/agencia transcriptor | ICI |
| 050 ## - SIGNATURA TOPOGRÁFICA DE LA BIBLIOTECA DEL CONGRESO | |
| Número de clasificación | NK1164 |
| Número de documento/Ítem | D565 |
| 245 10 - MENCIÓN DE TÍTULO | |
| Título | El Diseño en una sociedad en cambio / |
| Mención de responsabilidad, etc. | C. Malo, L. Molinari, MICEI, O. Arroyo, M. Álvarez, H. Rodríguez |
| 264 #1 - PRODUCCIÓN, PUBLICACIÓN, DISTRIBUCIÓN, FABRICACIÓN Y COPYRIGHT | |
| Nombre del de productor, editor, distribuidor, fabricante | Centro Interamericano de Artesanías y Artes Populares ; |
| -- | Ecuador-OEA |
| Fecha de producción, publicación, distribución, fabricación o copyright | [entre 1980 y 1982] |
| Producción, publicación, distribución, fabricación y copyright | [Cuenca] : |
| -- | [Quito] : |
| 300 ## - DESCRIPCIÓN FÍSICA | |
| Extensión | 252 páginas |
| Otras características físicas | ilustraciones |
| Dimensiones | 21.7 cm |
| 336 ## - TIPO DE CONTENIDO | |
| Término de tipo de contenido | texto |
| Fuente | rdacontent |
| 337 ## - TIPO DE MEDIO | |
| Nombre/término del tipo de medio | sin medio |
| Fuente | rdamedia |
| 338 ## - TIPO DE SOPORTE | |
| Nombre/término del tipo de soporte | volumen |
| Fuente | rdacarrier |
| 650 #0 - PUNTO DE ACCESO ADICIONAL DE MATERIA--TÉRMINO DE MATERIA | |
| Término de materia o nombre geográfico como elemento de entrada | Diseño |
| Subdivisión de forma | Congresos |
| 9 (RLIN) | 30895 |
| 650 #0 - PUNTO DE ACCESO ADICIONAL DE MATERIA--TÉRMINO DE MATERIA | |
| Término de materia o nombre geográfico como elemento de entrada | Arte y sociedad |
| Subdivisión de forma | Congresos |
| 9 (RLIN) | 30896 |
| 700 1# - PUNTO DE ACCESO ADICIONAL--NOMBRE DE PERSONA | |
| Nombre de persona | Malo, C. |
| Fechas asociadas al nombre | 1936- , |
| Forma completa/desarrollada del nombre | (Claudio), |
| 9 (RLIN) | 30897 |
| 700 1# - PUNTO DE ACCESO ADICIONAL--NOMBRE DE PERSONA | |
| Nombre de persona | Molinari Flores, Luis, |
| Término indicativo de función/relación | autor |
| 9 (RLIN) | 30898 |
| 700 1# - PUNTO DE ACCESO ADICIONAL--NOMBRE DE PERSONA | |
| Nombre de persona | Arroyo Arriaga, Omar, |
| Término indicativo de función/relación | autor |
| 9 (RLIN) | 30899 |
| 700 1# - PUNTO DE ACCESO ADICIONAL--NOMBRE DE PERSONA | |
| Nombre de persona | Álvarez Fuentes, Manuel, |
| Término indicativo de función/relación | autor |
| 9 (RLIN) | 30900 |
| 700 1# - PUNTO DE ACCESO ADICIONAL--NOMBRE DE PERSONA | |
| Nombre de persona | Rodríguez Castelo, Hernán, |
| Fechas asociadas al nombre | 1933- |
| Forma completa/desarrollada del nombre | autor |
| 9 (RLIN) | 30901 |
| 710 2# - PUNTO DE ACCESO ADICIONAL--NOMBRE DE ENTIDAD CORPORATIVA | |
| Nombre de entidad corporativa o nombre de jurisdicción como elemento de entrada | Centro Interamericano de Artesanías y Artes Populares |
| 9 (RLIN) | 30902 |
| 711 2# - PUNTO DE ACCESO ADICIONAL--NOMBRE DE REUNIÓN/CONGRESO | |
| Nombre de congreso/reunión o jurisdicción como elemento de entrada | Seminario Nacional de Diseño |
| Sede del congreso/Lugar de la reunión | Cuenca, Ecuador) |
| Número del congreso/reunión o número de parte o sección | (2 : |d 1980 : |
| 9 (RLIN) | 30903 |
| 942 ## - ELEMENTOS DE PUNTO DE ACCESO ADICIONAL (KOHA) | |
| Fuente del sistema de clasificación o colocación | Library of Congress Classification |
| Tipo de ítem Koha | |
No items available.